ბათუმის შოთა რუსთაველის სახელმწიფო უნივერსიტეტის ბიბლიოთეკა

ოქსფორდის მოკლე სახელმძღვანელო ფსიქიატრიაში / (ბიბ.ჩანაწერი № 55616)

000 -ლიდერი
ფიქსირებული სიგრძის საკონტროლო ველი 01970nam a2200349Ia 4500
001 - საკონტროლო ნომერი
საკონტროლო ველი 22711
003 - საკონტროლო ნომრის იდენტიფიკატორი
საკონტროლო ველი GE_BSU
005 - ბოლო ოპერაციის თარიღი და დრო
საკონტროლო ველი 20230425124223.0
008 - ფიქსირებული სიგრძის მონაცემთა ელემენტები - ზოგადი ინფორმაცია
ფიქსირებული სიგრძის საკონტროლო ველი 181216s ||||ge |||||||||||||| ||geo||
020 ## - წიგნის საერთაშორისო სტანდარტული ნომერი
International Standard Book Number 9789941046056
040 ## - კატალოგიზაციის წყარო
Transcribing agency GE_BSU
041 ## - ენის კოდი
Language code of text/sound track or separate title geo
080 ## - უნივერსალური ათობითი კლასიფიკაციის ინდექსი
Universal Decimal Classification number 616.89(075.8) გ-30
100 ## - მთავარი ჩანაწერი - პიროვნების სახელი
Personal name გელდერი, მაიკლ
9 (RLIN) 17780
245 ## - ცნობა სათაურის შესახებ
Title ოქსფორდის მოკლე სახელმძღვანელო ფსიქიატრიაში /
Statement of responsibility, etc მაიკლ გელდერი, პოლ ჰარისონი, ფილიპ ქოუენი ; მთარგმნ.: თინა ჩხეიძე, ეკა ჭყონია ; სამეცნ. რედ. : ეკა ჭყონია, ნინო მახაშვილი.
250 ## - გამოცემის ცნობა
Edition statement მე-5 გამოცემა
264 ## - წარმოების, გამოცემის, დისტრიბუციის და სხვა ცნობები
გამოცემის, წარმოების, დისტრიბუციის... ადგილი თბილისი :
გამოცემის, წარმოების, დისტრიბუციის... სახელწოდება ფონდი "გლობალური ინიციატივა ფსიქიატრიაში",
გამოცემის, წარმოების, დისტრიბუციის... თარიღი 2012.
300 ## - ფიზიკური აღწერა
Extent 870 გვ. :
Other physical details ცხრ. ;
Dimensions 29 სმ.
501 ## - შენიშვნა თანმხლებ მასალაზე
With note საძიებელი : გვ. 841-870
504 ## - BIBLIOGRAPHY, ETC. NOTE
Bibliography, etc ბიბლიოგრ. : გვ. 804-840
653 ## - INDEX TERM--UNCONTROLLED
Uncontrolled term მედიცინა
653 ## - INDEX TERM--UNCONTROLLED
Uncontrolled term ოქსფორდის მოკლე სახელმძღვანელო ფსიქიატრიაში
653 ## - INDEX TERM--UNCONTROLLED
Uncontrolled term ფსიქიატრია
700 ## - ADDED ENTRY--PERSONAL NAME
Personal name ჰარისონი, პოლ
Relator term ავტორი
9 (RLIN) 17781
700 ## - ADDED ENTRY--PERSONAL NAME
Personal name ქოუენი, ფილიპ
Relator term ავტორი
9 (RLIN) 17782
700 ## - ADDED ENTRY--PERSONAL NAME
Personal name ჩხეიძე, თინა
Relator term მთარგმნელი
9 (RLIN) 17783
700 ## - ADDED ENTRY--PERSONAL NAME
Personal name ჭყონია, ეკა
Relator term მთარგმნელი
9 (RLIN) 17784
700 ## - ADDED ENTRY--PERSONAL NAME
Personal name ჭყონია, ეკა
Relator term რედაქტორი
9 (RLIN) 17784
700 ## - ADDED ENTRY--PERSONAL NAME
Personal name მახაშვილი, ნინო
Relator term რედაქტორი
9 (RLIN) 17131
942 ## - ADDED ENTRY ELEMENTS (KOHA)
Koha item type წიგნი
Source of classification or shelving scheme
ეგზემპლარები
ჩამოწერის სტატუსი დაკარგული ეგზემპლარის სტატუსი კლასიფიკაციის წყარო ან თაროზე გაწყობის სქემა დაზიანების სტატუსი არ გაიცემა მუდმივი მდებარეობა (დაცვის ადგილი) ამჟამინდელი ადგილსამყოფელი თაროზე განთავსების ადგილი შეძენის თარიღი ღირებულება, შესყიდვის ნორმალური ფასი სრული შენახვის შიფრი შტრიხკოდი ბოლო ოპერაციის თარიღი ეგზემპლარის მიმდევრობითი ნომერი (კეტერი?) ფასის ძალაში შესვლის თარიღი ეგზემპლარის სახეობა საჯარო შენიშვნა
          ბათუმის შოთა რუსთაველის სახელმწიფო უნივერსიტეტის მთავარი ბიბლიოთეკა ბათუმის შოთა რუსთაველის სახელმწიფო უნივერსიტეტის მთავარი ბიბლიოთეკა წიგნსაცავი 2018-12-17 30.00 616.89(075.8) გ-30 58138 2018-12-17 58138 2018-12-17 წიგნი 30.00 ₾.
          ბათუმის შოთა რუსთაველის სახელმწიფო უნივერსიტეტის მთავარი ბიბლიოთეკა ბათუმის შოთა რუსთაველის სახელმწიფო უნივერსიტეტის მთავარი ბიბლიოთეკა წიგნსაცავი 2018-12-17 30.00 616.89(075.8) გ-30 58139 2018-12-17 58139 2018-12-17 წიგნი 30.00 ₾.
          ბათუმის შოთა რუსთაველის სახელმწიფო უნივერსიტეტის მთავარი ბიბლიოთეკა ბათუმის შოთა რუსთაველის სახელმწიფო უნივერსიტეტის მთავარი ბიბლიოთეკა წიგნსაცავი 2018-12-17 30.00 616.89(075.8) გ-30 58140 2018-12-17 58140 2018-12-17 წიგნი 30.00 ₾.
          ბათუმის შოთა რუსთაველის სახელმწიფო უნივერსიტეტის მთავარი ბიბლიოთეკა ბათუმის შოთა რუსთაველის სახელმწიფო უნივერსიტეტის მთავარი ბიბლიოთეკა წიგნსაცავი 2018-12-17 30.00 616.89(075.8) გ-30 58141 2018-12-17 58141 2018-12-17 წიგნი 30.00 ₾.
          ბათუმის შოთა რუსთაველის სახელმწიფო უნივერსიტეტის მთავარი ბიბლიოთეკა ბათუმის შოთა რუსთაველის სახელმწიფო უნივერსიტეტის მთავარი ბიბლიოთეკა წიგნსაცავი 2018-12-17 30.00 616.89(075.8) გ-30 58142 2018-12-17 58142 2018-12-17 წიგნი 30.00 ₾.